000 00748nam a2200193 i 4500
001 180437
003 ES-MaACL
005 20230906221108.0
008 120604s1970 sp |||| | spa d
080 _a535.31(043.2)
100 1 _aGardeñes Martín, Ernesto.
_9150334
245 1 0 _aPlanteo unificado de la teoria de aberraciones en óptica geométrica /
_cpor Ernesto Gardeñes Martín.
260 _aBarcelona :
_bUniversidad de Barcelona, Secretariado de Publicaciones, Intercambio Científico y Extensión Universitaria,
_c1970.
300 _a31 p. ;
_c24 cm.
502 _aTesis-Universidad Barcelona (extracto)
650 4 _aÓptica geométrica.
_9150335
710 2 _aUniversidad de Barcelona.
_97141
852 _aES-MaACL
_jE-15362(32)
999 _c180437
_d180437